| Tag |
First Indicator |
Second Indicator |
Subfields |
| LEADER |
00000cam a2200000 a 4500 |
| 001 |
in00002332142 |
| 005 |
20151108042007.0 |
| 008 |
060517s2007 ie b 001 0 eng |
| 020 |
|
|
|a 1846820278 (hbk.)
|
| 020 |
|
|
|a 9781846820274 (hbk.)
|
| 035 |
|
|
|a (OCoLC)ocm70128553
|
| 040 |
|
|
|a UKM
|c UKM
|d VYF TXA
|d UtOrBLW
|
| 049 |
|
|
|a TXAM
|
| 082 |
0 |
|
|a 111.85
|2 22
|
| 090 |
|
|
|a B765.T54
|b O74 2007
|
| 100 |
1 |
|
|a O'Reilly, Kevin E.
|
| 245 |
1 |
0 |
|a Aesthetic perception :
|b a Thomistic perspective /
|c Kevin E. O'Reilly.
|
| 264 |
|
1 |
|a Dublin ;
|a Portland, Or. :
|b Four Courts Press,
|c [2007]
|
| 264 |
|
4 |
|c ©2007
|
| 300 |
|
|
|a 131 pages ;
|c 24 cm.
|
| 336 |
|
|
|a text
|b txt
|2 rdacontent
|
| 337 |
|
|
|a unmediated
|b n
|2 rdamedia
|
| 338 |
|
|
|a volume
|b nc
|2 rdacarrier
|
| 504 |
|
|
|a Includes bibliographical references (pages 121-128) and index.
|
| 650 |
|
0 |
|a Thomists.
|
| 650 |
|
0 |
|a Aesthetics.
|
| 948 |
|
|
|a cataloged
|b h
|c 2007/9/17
|d c
|e dmitchel
|f 11:20:10 am
|
| 994 |
|
|
|a C0
|b TXA
|
| 999 |
|
|
|a MARS
|
| 999 |
f |
f |
|s 35f4b7c5-781c-37db-ad03-04b88c64a722
|i 3341462b-63bc-34ea-a592-3cf925cd5720
|t 0
|
| 952 |
f |
f |
|p ric
|a Texas A&M University
|b Rellis Campus
|c Joint Library Facility
|d Remote Storage
|t 0
|e B765.T54 O74 2007
|h Library of Congress classification
|i unmediated -- volume
|m A14836361863
|
| 998 |
f |
f |
|a B765.T54 O74 2007
|t 0
|l Remote Storage
|